000 00268nam a22001217a 4500
008 170222b xxu||||| |||| 00| 0 eng d
041 _aeng
080 _23 ED
_a617
100 _a5
101 _aSHK
245 _aATLAS OF PELVIC SURGERY
_cWHEELESS.C.R
942 _2udc
_cBK
999 _c6122
_d6122